000 00292nam a22001337a 4500
008 170307b xxu||||| |||| 00| 0 eng d
020 _a9780073222028
041 _aeng
080 _a611
100 _a6
101 _aSHM
245 _aPRINCIPLES OF HUMAN ANATOMY
_cGOULD, D
942 _2udc
_cBK
999 _c7047
_d7047